Rok so žiackou školskou radou

Bibliographic Details
Main Authors: Miháliková, Jana (Author), Chrienová, Miroslava (Author)
Format: Book
Language:Slovak
PhysicalDescription:54 strán fotografie, ilustrácie 21 cm
Published: Bratislava Iuventa - Slovenský inštitút mládeže 2020
ISBN:9788080721770
Edition:1. upravené vydanie
Series:Participácia
Subjects:

MARC

LEADER 00000cam a2200000 4500
001 vtls012009739
003 SK-MaSNL
005 20260426010632.0
008 240210s2020 xo ao jrfn 000 0 slo
015 |a SNBA2021/04 
020 |a 9788080721770  |q (brožované) 
035 |a urn:nbn:sk:snk-am00fc08 
035 |a urn:nbn:sk:snk-am3iq63 
035 |a CE2CB0BF-41A5-4FDB-A42E-5920E94D0270 
040 |a SNK  |b slo  |c SNK  |e rda 
041 0 |a slo 
043 |a e-xo--- 
044 |a xo  |c SK 
072 7 |a 371  |x Školstvo (organizácia)  |2 konspekt 
080 |a 371.59  |2 2011 
080 |a 371.07  |2 2011 
080 |a 37.091:005.25  |2 2011 
080 |a (437.6)  |2 2011 
080 |a (035)  |2 2011 
080 |a 37.091.212  |2 2011 
080 |a 005.56  |2 2011 
080 |a 316.772.4  |2 2011 
100 1 |a Miháliková, Jana  |4 aut  |9 300165 
245 1 0 |a Rok so žiackou školskou radou  |c Jana Miháliková, Miroslava Chrienová 
250 |a 1. upravené vydanie 
264 1 |a Bratislava  |b Iuventa - Slovenský inštitút mládeže  |c 2020 
300 |a 54 strán  |b fotografie, ilustrácie  |c 21 cm 
336 |a text  |b txt  |2 rdacontent 
337 |a bez média  |b n  |2 rdamedia 
338 |a zväzok  |b nc  |2 rdacarrier 
366 |e 200 kusov 
490 1 |a Participácia 
500 |a Názov z obalu 
500 |a Obsahuje poznámky pod čiarou 
504 |a Obsahuje bibliografiu na strane 53-54 ; bibliografické odkazy 
650 0 7 |a žiacka samospráva  |2 SNKPH  |9 71396 
650 0 7 |a školská správa  |2 SNKPH  |9 18129 
650 0 7 |a manažment školy  |2 SNKPH  |9 67970 
650 0 7 |a žiaci  |2 SNKPH  |9 16621 
650 0 7 |a participatívny manažment  |2 SNKPH  |9 79165 
650 0 7 |a interpersonálna komunikácia  |2 SNKPH  |9 2690 
650 0 7 |a Pupil power  |2 SNKPHeng  |9 372635 
650 0 7 |a School administration  |2 SNKPHeng  |9 443546 
650 0 7 |a School management  |2 SNKPHeng  |9 276158 
650 0 7 |a Learners  |2 SNKPHeng  |9 275930 
650 0 7 |a Participative management  |2 SNKPHeng  |9 353636 
650 0 7 |a Interpersonal communication  |2 SNKPHeng  |9 306572 
651 7 |a Slovensko  |2 SNKPHgeo  |9 14231 
651 7 |a Slovakia  |2 SNKPHeng  |9 92630 
655 7 |a príručky  |2 SNKPH  |9 74364 
655 7 |a Handbooks, manuals, etc.  |2 SNKPHeng  |9 90964 
700 1 |a Chrienová, Miroslava  |4 aut  |9 672346 
830 0 |a Participácia  |9 333967 
919 |a 978-80-8072-177-0 
958 |a NB 
999 |c 1040205  |d 1042135 
952 |a SNK  |b SNK  |y PREZ  |7 0  |p 17A1448770  |o snkSC 191537  |i snk2020/23199  |8 0  |0 0  |1 0  |4 0  |d 2020-12-18  |f 1  |l 0  |r 2025-10-08 00:00:00  |w 2026-02-24